| 000 | 00957nam a2200289 a 4500 | ||
|---|---|---|---|
| 001 | 190931 | ||
| 003 | ES-MaACL | ||
| 005 | 20250827062644.0 | ||
| 008 | 220830s2010 esp| ||| |||||||spa|| | ||
| 020 | _a978-84-470-3488-8 | ||
| 040 |
_aM-BCD _bspa _cM-BCD |
||
| 080 | _a343.2(460)"1995" (094.2) | ||
| 110 | 1 |
_aEspaña _93622 |
|
| 240 | 1 | 0 | _aCódigo penal, 1995 |
| 245 | 1 | 0 | _aCódigo penal y legislación complementaria. |
| 250 |
_a36 ed. / _ba cargo de Julio Díaz-Maroto y Villarejo. |
||
| 260 |
_a[Madrid] : _bCivitas, _c2010. |
||
| 300 |
_a830 p. ; _c21 cm. |
||
| 490 | 1 |
_aBiblioteca de legislación ; _v7 |
|
| 500 | _aÍndices. | ||
| 650 | 0 | 4 |
_aDerecho penal- _zEspaña _911752 |
| 700 | 1 |
_aDíaz-Maroto y Villarejo, Julio. _944337 |
|
| 830 | 0 |
_aBiblioteca de legislación ; _v7 _9177899 |
|
| 852 |
_aES-MaACL _jA-15221 _9198120 _cDEPO1 _dOlim: L 343.2(460)"1995" ESP _dOlim: Meseton |
||
| 942 | _2udc | ||
| 999 |
_c190931 _d190931 |
||